Goodbye Marylou - Michel Polnareff : Paroles - Statistiques

Statistiques générales
  • Ce quiz a été pris 30 fois
  • Le résultat moyen est 137 sur 195
Statistiques - réponses
Paroles % Correct
Goodbye
100%
m'a
100%
Marylou
100%
mon
100%
qui
100%
je
96%
le
96%
de
92%
elle
92%
les
92%
sur
92%
me
88%
pour
88%
Quand
88%
quand
88%
avec
85%
clavier
85%
la
85%
un
85%
et
81%
se
81%
tape
81%
rendez-vous
77%
tous
77%
l'écran
73%
s'allume
73%
doigts
69%
mots
69%
du
62%
message
62%
Message
62%
celle
58%
écran
58%
son
58%
dit
54%
en
54%
nuit
54%
okay
50%
on
50%
qu'on
50%
tout
50%
mais
46%
répondra
46%
code
42%
dans
42%
c'est
38%
j'ai
38%
reçu
38%
sans
38%
électrique
35%
jour
35%
nom
35%
déshabille
31%
lève
31%
lui
31%
mets
31%
m'électronique
27%
nous
27%
couche
23%
duo
23%
j'envoie
23%
roman
19%
s'dit
19%
voix
19%
lumière
15%
reçois
15%
reçoit
15%
l'attire
12%
multi
12%
répondu
12%
vient
12%
caressé
8%
jusqu'au
8%
petit
8%
pseudo
8%
après
4%
j'me
4%
m'envoie
4%
s'approche
4%
Aucun quiz correspondant
Distribution des résultats
% des personnes avec chaque résultat
Percentile par nombre de réponses
Votre historique - résultats
Vous n’avez pas pris ce quiz